| 000 -LEADER |
| fixed length control field |
00453nam a22001577a 4500 |
| 008 - FIXED-LENGTH DATA ELEMENTS--GENERAL INFORMATION |
| fixed length control field |
200311b ||||| |||| 00| 0 eng d |
| 020 ## - INTERNATIONAL STANDARD BOOK NUMBER |
| International Standard Book Number |
8121906288 |
| 100 ## - MAIN ENTRY--PERSONAL NAME |
| 9 (RLIN) |
15 |
| Personal name |
Khurmi, R. S. |
| 245 10 - TITLE STATEMENT |
| Title |
Mechanical engineering (conventional and objective type) |
| 250 ## - EDITION STATEMENT |
| Edition statement |
7th ed. |
| 260 ## - PUBLICATION, DISTRIBUTION, ETC. (IMPRINT) |
| Place of publication, distribution, etc |
New Delhi, |
| Name of publisher, distributor, etc |
S.Chand: |
| Date of publication, distribution, etc |
2009. |
| 300 ## - PHYSICAL DESCRIPTION |
| Extent |
838p. |
| 650 #0 - SUBJECT ADDED ENTRY--TOPICAL TERM |
| Topical term or geographic name as entry element |
Mechanical Engineering |
| 700 ## - ADDED ENTRY--PERSONAL NAME |
| 9 (RLIN) |
17 |
| Personal name |
Gupta, J. K. |
| 942 ## - ADDED ENTRY ELEMENTS (KOHA) |
| Item type |
Books |